| 000 | 00768nam a22002657a 4500 | ||
|---|---|---|---|
| 005 | 20230512222111.0 | ||
| 008 | 180523t xxu||||| |||| 00| 0 eng d | ||
| 020 | _a9780702031052 | ||
| 040 | _cCSPC | ||
| 082 | 0 |
_a618.2 _bM453 |
|
| 245 | 0 | 0 | _aMayes' midwifery |
| 250 |
_aFourteenth (14th) _bedition. |
||
| 260 |
_aEdinburgh : _bBailliere Tindall Elsevier ; _c2011. |
||
| 300 |
_axvii, 1017 pages : _bfigures, tables ; _c24 cm. |
||
| 500 | _aIncludes Index. | ||
| 650 | 1 | 0 | _aMidwifery. |
| 650 | 1 | 0 | _aObstetrics. |
| 650 | 1 | 0 | _aMidwives. |
| 700 | 1 |
_aMacDonald, Sue, _eeditor. |
|
| 700 | 1 |
_aCuerden, Julia Magill, _eeditor. |
|
| 940 | _ayves | ||
| 942 |
_cBOOK _jNUR 618.2 M453 2011 |
||
| 999 |
_c4873 _d4873 |
||